<?xml version="1.0" encoding="UTF-8"?>
<record
    xmlns:xsi="http://www.w3.org/2001/XMLSchema-instance"
    xsi:schemaLocation="http://www.loc.gov/MARC21/slim http://www.loc.gov/standards/marcxml/schema/MARC21slim.xsd"
    xmlns="http://www.loc.gov/MARC21/slim">

  <leader>00485pam a2200193 a 4500</leader>
  <datafield tag="020" ind1=" " ind2=" ">
    <subfield code="c"></subfield>
  </datafield>
  <datafield tag="040" ind1=" " ind2=" ">
    <subfield code="a">Dental College Lib.</subfield>
  </datafield>
  <datafield tag="041" ind1=" " ind2=" ">
    <subfield code="a">eng</subfield>
    <subfield code="h">eng</subfield>
  </datafield>
  <datafield tag="082" ind1=" " ind2=" ">
    <subfield code="a">617.6</subfield>
    <subfield code="b">SIN</subfield>
  </datafield>
  <datafield tag="100" ind1=" " ind2=" ">
    <subfield code="a">Singh, Vijay Prasad  .</subfield>
  </datafield>
  <datafield tag="245" ind1=" " ind2=" ">
    <subfield code="a">MCQS in Dentistry / </subfield>
    <subfield code="c">.</subfield>
    <subfield code="h">Textual Documents</subfield>
  </datafield>
  <datafield tag="260" ind1=" " ind2=" ">
    <subfield code="a">Delhi : </subfield>
    <subfield code="b">A.I.T.B.S Publisher , </subfield>
    <subfield code="c">1995.</subfield>
  </datafield>
  <datafield tag="300" ind1=" " ind2=" ">
    <subfield code="a">260 ; </subfield>
    <subfield code="c">.</subfield>
  </datafield>
  <datafield tag="365" ind1=" " ind2=" ">
    <subfield code="a">220.00</subfield>
  </datafield>
  <datafield tag="653" ind1=" " ind2=" ">
    <subfield code="a">General Books</subfield>
  </datafield>
  <datafield tag="930" ind1=" " ind2=" ">
    <subfield code="a">1346</subfield>
  </datafield>
  <datafield tag="999" ind1=" " ind2=" ">
    <subfield code="c">40749</subfield>
    <subfield code="d">40749</subfield>
  </datafield>
  <datafield tag="952" ind1=" " ind2=" ">
    <subfield code="0">0</subfield>
    <subfield code="1">1</subfield>
    <subfield code="4">0</subfield>
    <subfield code="7">0</subfield>
    <subfield code="a">DCP</subfield>
    <subfield code="b">DCP</subfield>
    <subfield code="d">1900-01-01</subfield>
    <subfield code="g">220.00</subfield>
    <subfield code="l">0</subfield>
    <subfield code="o">617.6 SIN</subfield>
    <subfield code="p">DCP-1024</subfield>
    <subfield code="r">2023-02-24 00:00:00</subfield>
    <subfield code="t">1</subfield>
    <subfield code="w">2023-02-24</subfield>
    <subfield code="y">BK</subfield>
  </datafield>
</record>
